Letters of the Alphabet by Position - Statistics

General Stats
  • This quiz has been taken 46 times
  • The average score is 18 of 26
Answer Stats
Position Letter % Correct
6 F
88%
12 L
88%
2 B
84%
4 D
84%
5 E
80%
7 G
80%
8 H
80%
9 I
80%
10 J
80%
11 K
80%
13 M
80%
1 A
76%
3 C
76%
16 P
64%
26 Z
64%
14 N
60%
15 O
60%
19 S
60%
20 T
60%
17 Q
56%
18 R
56%
22 V
56%
21 U
52%
25 Y
52%
24 X
48%
23 W
44%
No matching quizzes found
Score Distribution
Percent of People with Each Score
Percentile by Number Answered
Your Score History
You have not taken this quiz